000 00612nam a22001937a 4500
003 LK-CoDNM
005 20231101150505.0
008 231101b2016 |||||||| |||| 00| 0 sin d
020 _a9789550201501
040 _aLK-CoDNM
_dLK-CoDNM
_eLK-CoDNM
041 _asin
080 _aවික්‍රම
_b391
100 _aවික්‍රමසිංහ , මාටින්
_vWikramasinghe, Martin
245 _aපුරාණ ස්ත්‍රීන්ගේ ඇඳුම
246 _aPurana sthreenge anduma
260 _aRajagiriya
_bSarasa publishers
_c2016
300 _a123p.
_b21cm
942 _cBK
999 _c143325
_d143325